| 000 | 00448nam a2200109Ia 4500 | ||
|---|---|---|---|
| 008 | 160909s9999 xx 000 0 und d | ||
| 100 | _aTonogbanua, Elizabeth Paulsen | ||
| 245 | _aTransmigration experiences of newcomers in the context of an English-only education: Sense-making by former newcomer ELLs | ||
| 260 |
_bUniversity of Massachusetts Boston _c2016 |
||
| 650 | _aTOURISM | ||
| 856 | _uhttp://pqdtopen.proquest.com/doc/1803939501.html?FMT=ABS | ||
| 999 |
_c304958 _d304958 |
||